| 000 | 00541nam a2200169Ia 4500 | ||
|---|---|---|---|
| 003 | 0 | ||
| 005 | 20250214145043.0 | ||
| 008 | 140724s9999 xx 000 0 und d | ||
| 050 |
_aT 57.6.A1 _b.D542 2008 |
||
| 100 | _aDiaz, Mark Gerard E. | ||
| 245 |
_aOnline ordering system of Hongly Automotive parts / _cMark Gerard E. Diaz. |
||
| 260 |
_aLas PiƱas, Philippines : _bSouthville International School and Colleges, _cc2008. |
||
| 300 |
_a122 p. : _bill. ; _c28 cm. |
||
| 521 | _aInformation Technology | ||
| 942 |
_cTH _2lcc |
||
| 999 |
_c229287 _d229287 |
||